Economic assessments

Salvato in:
Dettagli Bibliografici
Autore principale: Andrejčíková, Mária
Natura: Capitolo di libro
Lingua:inglese
Tags: Aggiungi Tag
Nessun Tag, puoi essere il primo ad aggiungerne!!

MARC

LEADER 00000naa$a2200000$$$4500
001 0160546
005 20240502072802.4
041 0 |a eng 
044 |a SK 
245 1 0 |a Economic assessments  |c Mária Andrejčíková 
100 1 |a Andrejčíková, Mária